000 02170nam a22003737a 4500
001 1002462.0
003 KnowledgeUnlatched
005 20210303104849.0
006 m o d
007 cr u||||||||||
008 210129p20182020cau o u00| u eng d
037 _5BiblioBoard
245 0 0 _aIntimate Communities
_cNicole Elizabeth Barnes.
020 _a9780520970868
024 8 _a10.1525/luminos.59
029 1 _ahttps://library.biblioboard.com/ext/api/media/7234ab6b-98df-472e-9f85-56ec2d49dafe/assets/thumbnail.jpg
040 _aScCtBLL
_cScCtBLL
100 1 _aBarnes, Nicole Elizabeth
_eauthor.
264 1 _bUniversity of California Press,
300 _a1 online resource (1 p.)
506 0 _aAccess copy available to the general public.
_fUnrestricted
_2star
520 _aWhen China's War of Resistance against Japan began in July 1937, it sparked an immediate health crisis throughout the country. In the end, China not only survived the war but also emerged from the trauma with a curious strength. Intimate Communities argues that women who worked as military and civilian nurses, doctors, and midwives during this turbulent period built the national community, one relationship at a time. In a country with a majority illiterate, agricultural population that could not relate to urban elites' conceptualization of nationalism, these women used their work of healing to create emotional bonds with soldiers and civilians from across the country that transcended the divides of social class, region, gender, and language.
588 0 _aDescription based on print version record.
590 _aLuminos
650 7 _aHistory
_2bisacsh
650 7 _aHistory / Asia
_2bisacsh
650 0 _aHistory
655 0 _aElectronic books.
758 _iIs found in:
_aKnowledge Unlatched
_1https://openresearchlibrary.org/module/2774bc74-146a-484f-a7ba-ab1d6a09bbfb
856 4 0 _uhttps://openresearchlibrary.org/content/7234ab6b-98df-472e-9f85-56ec2d49dafe
_zView this content on Open Research Library.
_70
999 _c32787
_d32787